Statistics for President Last Names as First Names

Click here to take the quiz!

General Stats

  • This quiz has been taken 44 times
  • The average score is 12 of 19

Answer Stats

RankingName% Correct
54Lincoln
86%
74Kennedy
81%
23Jackson
77%
759Jefferson
77%
147Reagan
77%
220Grant
74%
473Ford
72%
34Madison
72%
47Carter
70%
127Harrison
70%
728Nixon
65%
544Monroe
60%
689Wilson
60%
217Taylor
56%
164Tyler
51%
140Arthur
44%
570Pierce
42%
209Hayes
40%
654Mckinley
37%

Score Distribution

Percentile by Number Answered

Percent of People with Each Score

Your Score History

You have not taken this quiz